Responses for Show #886 - Monday, June 13, 1988

Stephen Lebowitz game 2.

Contestants

[<< previous game]

John Chivers, a systems analyst from Fremont, California

Tom Straczynski, a teacher from Bayside, New York

Stephen Lebowitz, a physician from Los Angeles, California (whose 1-day cash winnings total $16,700)

[next game >>]

Jeopardy! Round responses

WASHINGTONIANS
(Alex: These are people from Washington state, not D.C.)
APPLES
BROADWAY LYRICS
BOOKS & AUTHORS
TV GUIDE SAYS
(Alex: You give us the show that this took place on.)
"SUMMER"
    $100 22
Carol Channing

Stephen
    $100 24
Halloween

Tom
    $100 11
scurry

John
    $100 2
the Civil War

Tom
    $100 5
Star Trek

John
    $100 1
summer squash

John
    $200 23
Robert Joffrey

Triple Stumper
    $200 25
(Alex: And we've got a minute to go in this round.)

the peel

John
    $200 3
leave you

John
    $200 4
Laura Ingalls (Wilder)

Tom
    $200 6
Ozzie and Harriet

John
    $200 7
summersault

John
    $300 17
Bing Crosby

John
    $300 28
[The end-of-round signal sounds.]

(hard) cider

John
    $300 19
on a clear day

John
    $300 15
Roxanne Pulitzer

Stephen
    $300 12
The Love Boat

Stephen
    $300 8
summer stock

Stephen
    $500 26
Jimi Hendrix

John
    $400 20
de-lovely

John
    $400 16
Tennessee Williams

Tom
    $400 13
The Jeffersons

John
    $400 9
"Summer Breeze"

Stephen
    $500 27
June Havoc

John
    $500 21
the mirror

Triple Stumper
    $500 18
Edna Ferber

Stephen
    $500 14
Hart to Hart

Stephen
    $500 10
The Boys of Summer

John

Scores at the first commercial break (after clue 14):

Stephen Tom John
$1,500 $300 $1,800

Scores at the end of the Jeopardy! Round:

Stephen Tom John
$2,400 $800 $4,300

Double Jeopardy! Round responses

ENGLAND
ART
HISTORIC NICKNAMES
INTERNATIONAL BUSINESS
YOGA
"WINTER"
    $200 2
Liverpool

Stephen
    $200 10
rice

John
    $200 11
George Custer

Tom
    $200 25
Bic

Stephen
    $200 16
yoga positions

Tom
    $200 20
winter squash

Stephen
    $400 3
the Avon

Tom
    $400 9
television

Tom
    $400 12
Caspar Weinberger

John
    $2,500 26
South Korea

Stephen
    $400 17
transcendental meditation

Stephen
    $400 21
wintergreen

Tom
    $600 4
The Queen Mum (Elizabeth)

Stephen
    $2,000 6
the Hudson River

Tom
    $600 13
Attila the Hun

Tom
    $600 28
Lever Brothers

Triple Stumper
    $600 18
guru

Tom
    $600 22
the Winter Palace

Tom
    $800 1
Bath

Stephen
    $800 7
Matisse

Triple Stumper
    $800 14
Carrie Nation

Stephen
    $800 29
(Alex: And it's called that because its shares sell for $27,000 each.)

Japan

Triple Stumper
    $800 19
breathing

Stephen
    $800 23
Hugo Winterhalter

John
    $1000 5
Brighton

Tom
    $1000 8
(John: Who was Ang?)

Edouard Manet

John
Triple Stumper
    $1000 15
Mustafa Kemal Ataturk

Tom
    $1000 30
Philips

John
    $1000 27
(Tom: What is meditate?)
(Alex: We've got less than a minute to go in the round.)

fasting

Tom
Triple Stumper
    $1000 24
"Winterset"

Triple Stumper

Scores at the end of the Double Jeopardy! Round:

Stephen Tom John
$8,900 $7,200 $5,700

[wagering suggestions for these scores]

Final Jeopardy! Round responses

PRESIDENTS
JohnWho was Grover Cleveland?
$5,699
TomWho was Taft?
$4,400
StephenWho was Woodrow Wilson?
$7,000
Woodrow Wilson or John Tyler

Final scores:

Stephen Tom John
$15,900 $2,800 $1
2-day champion: $32,600 2nd place: Broyhill home bedroom set & Waverly home bedding fashions 3rd place: KitchenAid electric range

Game dynamics:

Coryat scores:

Stephen Tom John
$6,800 $5,800 $5,600
16 R
(including 1 DD),
0 W
15 R
(including 1 DD),
1 W
19 R
(including 1 DD),
1 W

Combined Coryat: $18,200

[game clues] [game scores] [suggest correction]

Game tape date: 1988-03-14
The J! Archive is created by fans, for fans. Scraping, republication, monetization, and malicious use prohibited; this site may use cookies and collect identifying information. See terms. The Jeopardy! game show and all elements thereof, including but not limited to copyright and trademark thereto, are the property of Jeopardy Productions, Inc. and are protected under law. This website is not affiliated with, sponsored by, or operated by Jeopardy Productions, Inc. Join the discussion at JBoard.tv.